01470nam a2200349Ia 4500001001200000003000800012006001900020007001500039008004100054010001700095020001500112040002100127035002100148050002200169082002000191100001900211245017800230260002800408300002500436490004500461490006700506504005300573533015200626650004300778650002500821650002300846650002300869655002900892710001700921830005600938856012600994ebr10090470CaPaEBRm u cr cn|||||||||040121s2004 maua sb 001 0 eng d z 2004043523 z9004122338 aCaPaEBRcCaPaEBR a(OCoLC)13316580014aQB23b.K56 2004eb04a520/.917/672221 aKing, David A.14aThe call of the muezzinh[electronic resource] :bstudies in astronomical timekeeping and instrumentation in medieval Islamic civilization : (studies I-IX) /cby David King. aBoston :bBrill,c2004. alvii, 930 p. :bill.0 aIn synchronicity with the Heavens ;vv.11 aIslamic philosophy, theology, and science,x0169-8729 ;vv. 55 aIncludes bibliographical references and indexes. aElectronic reproduction.bPalo Alto, Calif. :cebrary,d2011.nAvailable via World Wide Web.nAccess may be limited to ebrary affiliated libraries. 0aAstronomyzIslamic countriesxHistory. 0aAstronomy, Medieval. 0aIslam and science. 0aTime (Islamic law) 7aElectronic books.2local2 aebrary, Inc. 0aIslamic philosophy, theology, and science ;vv. 55.40uhttp://site.ebrary.com/lib/rucke/Doc?id=10090470zAn electronic book accessible through the World Wide Web; click to view